Vista normal
Vista MARC
Entrada Personal Name
Número de registros utilizados en: 1
001 - CONTROL NUMBER
- control field: 37754
003 - CONTROL NUMBER IDENTIFIER
- control field: OSt
005 - DATE AND TIME OF LATEST TRANSACTION
- control field: 20210521082650.0
008 - FIXED-LENGTH DATA ELEMENTS
- fixed length control field: 210521|| aca||aabn | a|a d
040 ## - CATALOGING SOURCE
- Original cataloging agency: OSt
- Transcribing agency: OSt
100 ## - HEADING--PERSONAL NAME
- Personal name: Cifuentes Huertas, Pedro
670 ## - SOURCE DATA FOUND
- Source citation: Work cat.: (OSt)7869: Giddens, Anthony, 15679 autor, La tercera vía : , 2000